[Event "Wch Seniors 50 (Women) 29th"]
[Site "Bucharest"]
[Date "2019.11.12"]
[Round "1"]
[White "Wagner Michel, Annett"]
[Black "Sheremetieva, Marina"]
[Result "1/2-1/2"]
[WhiteElo "2016"]
[BlackElo "2214"]
[PlyCount "64"]
[EventDate "2019.11.12"]
[EventType "swiss"]
[EventRounds "11"]
[EventCountry "ROU"]
[SourceTitle "CBM 193 Extra"]
[Source "ChessBase"]
[SourceDate "2020.01.31"]
[SourceVersion "1"]
[SourceVersionDate "2020.01.31"]
[SourceQuality "1"]

1. e4 d6 2. d4 Nf6 3. Nc3 e5 4. dxe5 dxe5 5. Qxd8+ Kxd8 6. Bc4 Be6 7. Bxe6 fxe6 8. Be3 Bd6 9. f3 a6 10. 0-0-0 Ke7 11. Nh3 Nc6 12. Nf2 h6 13. Nd3 Nh5 14. a3 g5 15. Nc5 Rab8 16. b4 a5 17. Na2 Nf6 18. Kb1 axb4 19. axb4 g4 20. c3 b5 21. Nc1 h5 22. N1b3 Rbf8 23. Bg5 Rhg8 24. Bh4 Nd8 25. fxg4 Rxg4 26. g3 Ke8 27. Rhf1 Be7 28. Bxf6 Rxf6 29. Rxf6 Bxf6 30. Rd7 c6 31. Rh7 h4 32. gxh4 Rxh4 1/2-1/2

[Event "Olympiad Women-35"]
[Site "Bled"]
[Date "2002.10.28"]
[Round "3.2"]
[White "Sheremetieva, Marina"]
[Black "Voiska, Margarita"]
[Result "1/2-1/2"]
[WhiteElo "2329"]
[BlackElo "2354"]
[PlyCount "93"]
[EventDate "2002.10.26"]
[EventType "team-swiss"]
[EventRounds "14"]
[EventCountry "SLO"]
[SourceTitle "EXT 2003"]
[Source "ChessBase"]
[SourceDate "2002.11.25"]
[SourceVersion "1"]
[SourceVersionDate "2002.11.25"]
[SourceQuality "1"]
[WhiteTeam "Moldova (W)"]
[BlackTeam "Bulgaria (W)"]
[WhiteTeamCountry "MDA"]
[BlackTeamCountry "BUL"]

1. e4 d6 2. d4 Nf6 3. Nc3 g6 4. Nf3 Bg7 5. Be2 0-0 6. 0-0 a6 7. a4 b6 8. Re1 Bb7 9. Bf1 e6 10. h3 Nbd7 11. Bf4 Qe8 12. Qd2 e5 13. Bh6 Qe7 14. Qg5 Rfe8 15. dxe5 Nxe5 16. Nd4 Qf8 17. Bxg7 Qxg7 18. Rad1 Ned7 19. f3 Re5 20. Qd2 Rae8 21. Nde2 R5e7 22. Nf4 Ne5 23. Qf2 g5 24. Nfe2 Ng6 25. Nd4 Re5 26. Nf5 Qf8 27. Bc4 Bc8 28. Qg3 Nh5 29. Qf2 Nhf4 30. Kh2 Ne7 31. g3 Nfg6 32. f4 gxf4 33. gxf4 Rc5 34. Nxe7+ Qxe7 35. Nd5 Qh4 36. Qxh4 Nxh4 37. Kg3 Rxc4 38. Kxh4 Re6 39. Kh5 Kf8 40. Nc3 f5 41. e5 Rxf4 42. exd6 Rxe1 43. Rxe1 cxd6 44. Nd5 Rf3 45. Nxb6 Rxh3+ 46. Kg5 Rg3+ 47. Kh6 1/2-1/2

[Event "Kishinev ULIM Cup"]
[Site "Kishinev"]
[Date "2001.10.15"]
[Round "9"]
[White "Sheremetieva, Marina"]
[Black "Slovineanu, Viacheslav"]
[Result "1/2-1/2"]
[WhiteElo "2308"]
[BlackElo "2406"]
[PlyCount "28"]
[EventDate "2001.10.07"]
[EventType "swiss"]
[EventRounds "9"]
[EventCountry "MDA"]
[SourceTitle "EXT 2002"]
[Source "ChessBase"]
[SourceDate "2001.11.25"]
[SourceVersion "1"]
[SourceVersionDate "2001.11.25"]
[SourceQuality "1"]

1. e4 c6 2. d4 d5 3. exd5 cxd5 4. Bd3 Nc6 5. c3 Qc7 6. Bg5 g6 7. Nf3 Bg7 8. 0-0 Bf5 9. Bxf5 gxf5 10. Qd2 e6 11. Na3 Nf6 12. Nb5 Qd7 13. Bxf6 Bxf6 14. Qh6 Be7 1/2-1/2

[Event "Kishinev ULIM Cup"]
[Site "Kishinev"]
[Date "2001.10.11"]
[Round "5"]
[White "Khruschiov, Alexey"]
[Black "Sheremetieva, Marina"]
[Result "1-0"]
[WhiteElo "2402"]
[BlackElo "2308"]
[PlyCount "73"]
[EventDate "2001.10.07"]
[EventType "swiss"]
[EventRounds "9"]
[EventCountry "MDA"]
[SourceTitle "EXT 2002"]
[Source "ChessBase"]
[SourceDate "2001.11.25"]
[SourceVersion "1"]
[SourceVersionDate "2001.11.25"]
[SourceQuality "1"]

1. e4 d6 2. d4 Nf6 3. Nc3 e5 4. Nf3 Nbd7 5. Bc4 Be7 6. 0-0 0-0 7. Re1 c6 8. a4 a5 9. b3 exd4 10. Qxd4 Qb6 11. Ba3 Qxd4 12. Nxd4 Nc5 13. Rad1 Re8 14. e5 dxe5 15. Rxe5 Bg4 16. f3 Nfd7 17. Rxe7 Rxe7 18. fxg4 Re3 19. Nce2 g6 20. Rf1 Re7 21. Nf4 Re4 22. c3 Rae8 23. Nh3 Ne6 24. Nxe6 fxe6 25. Ng5 Re5 26. Nf7 Re3 27. Nh6+ Kh8 28. g5 Nb6 29. Be7 Nd7 30. Rf7 Re4 31. g4 Re1+ 32. Kf2 Re4 33. h4 e5 34. h5 gxh5 35. gxh5 Rf4+ 36. Rxf4 exf4 37. Nf5 1-0

[Event "Kishinev ULIM Cup"]
[Site "Kishinev"]
[Date "2001.10.09"]
[Round "3"]
[White "Fingerov, Dmitry"]
[Black "Sheremetieva, Marina"]
[Result "1/2-1/2"]
[WhiteElo "2419"]
[BlackElo "2308"]
[PlyCount "45"]
[EventDate "2001.10.07"]
[EventType "swiss"]
[EventRounds "9"]
[EventCountry "MDA"]
[SourceTitle "EXT 2002"]
[Source "ChessBase"]
[SourceDate "2001.11.25"]
[SourceVersion "1"]
[SourceVersionDate "2001.11.25"]
[SourceQuality "1"]

1. e4 d6 2. d4 Nf6 3. Nc3 e5 4. Nf3 Nbd7 5. Bc4 Be7 6. 0-0 0-0 7. a4 c6 8. h3 exd4 9. Nxd4 d5 10. exd5 Nb6 11. Bb3 Nbxd5 12. Nxd5 Nxd5 13. Qf3 Bf6 14. Rd1 Qb6 15. a5 Qc5 16. c4 Nc7 17. Be3 Qe7 18. Nf5 Bxf5 19. Qxf5 Ne6 20. a6 b6 21. Ba4 Rfd8 22. Bxc6 Bxb2 23. Rab1 1/2-1/2

[Event "ROM-chT"]
[Site "Sovata"]
[Date "2001.03.23"]
[Round "3"]
[White "Foisor, Cristina Adela B"]
[Black "Sheremetieva, Marina"]
[Result "1-0"]
[WhiteElo "2418"]
[BlackElo "2330"]
[PlyCount "95"]
[EventDate "2001.03.21"]
[EventType "team"]
[EventRounds "5"]
[EventCountry "ROU"]
[SourceTitle "EXT 2003"]
[Source "ChessBase"]
[SourceDate "2002.11.25"]
[SourceVersion "1"]
[SourceVersionDate "2002.11.25"]
[SourceQuality "1"]

1. Nf3 d5 2. g3 Bg4 3. Bg2 Nf6 4. d3 Nbd7 5. Nbd2 e5 6. h3 Bh5 7. e4 c6 8. 0-0 Bd6 9. exd5 cxd5 10. c4 d4 11. Qc2 a5 12. Nh4 Nc5 13. Nb3 Nfd7 14. Nf5 Qf6 15. Nxd6+ Qxd6 16. f4 f6 17. Bd2 Be2 18. fxe5 fxe5 19. Nxc5 Nxc5 20. b4 axb4 21. Bxb4 Bxf1 22. Rxf1 0-0-0 23. Bxc5 Qxc5 24. Qa4 Rhf8 25. Qa8+ Kc7 26. Qxb7+ Kd6 27. Rxf8 Rxf8 28. Qxg7 Re8 29. Qxh7 Re6 30. Qf5 Qb4 31. Qf8+ Re7 32. Qd8+ Rd7 33. Qf6+ Kc7 34. Qxe5+ Kd8 35. Kh2 Qd2 36. Qe4 Qe3 37. c5 Qxe4 38. Bxe4 Ra7 39. g4 Rxa2+ 40. Kg3 Ke7 41. c6 Kd6 42. g5 Ke5 43. h4 Ra1 44. Kg4 Rg1+ 45. Kh5 Ra1 46. Kh6 Ra7 47. Kg6 Kf4 48. Kf6 1-0

[Event "ROM-chT"]
[Site "Sovata"]
[Date "2001.03.22"]
[Round "2"]
[White "Sheremetieva, Marina"]
[Black "Bollengier, Andreea"]
[Result "1/2-1/2"]
[WhiteElo "2330"]
[BlackElo "2244"]
[PlyCount "36"]
[EventDate "2001.03.21"]
[EventType "team"]
[EventRounds "5"]
[EventCountry "ROU"]
[SourceTitle "EXT 2003"]
[Source "ChessBase"]
[SourceDate "2002.11.25"]
[SourceVersion "1"]
[SourceVersionDate "2002.11.25"]
[SourceQuality "1"]

1. e4 Nf6 2. e5 Nd5 3. d4 d6 4. c4 Nb6 5. exd6 cxd6 6. Nc3 g6 7. Be3 Bg7 8. Rc1 0-0 9. b3 f5 10. d5 f4 11. Bd4 e5 12. dxe6 Bxd4 13. Qxd4 Nc6 14. Qd2 Bxe6 15. Nf3 Qe7 16. Be2 d5 17. cxd5 Rad8 18. 0-0 Nxd5 1/2-1/2

[Event "ROM-chT"]
[Site "Sovata"]
[Date "2001.03.21"]
[Round "1"]
[White "Shadrina, Tatiana"]
[Black "Sheremetieva, Marina"]
[Result "1-0"]
[WhiteElo "2330"]
[BlackElo "2330"]
[PlyCount "39"]
[EventDate "2001.03.21"]
[EventType "team"]
[EventRounds "5"]
[EventCountry "ROU"]
[SourceTitle "EXT 2003"]
[Source "ChessBase"]
[SourceDate "2002.11.25"]
[SourceVersion "1"]
[SourceVersionDate "2002.11.25"]
[SourceQuality "1"]

1. e4 d6 2. d4 Nf6 3. f3 e5 4. Ne2 Nbd7 5. c4 c6 6. Be3 d5 7. cxd5 cxd5 8. Nbc3 dxe4 9. dxe5 Nxe5 10. Qxd8+ Kxd8 11. 0-0-0+ Bd7 12. fxe4 Rc8 13. Bxa7 Nxe4 14. Kb1 Nxc3+ 15. Nxc3 Bc5 16. Bxc5 Rxc5 17. Bb5 Kc8 18. Bxd7+ Nxd7 19. Ne4 Re5 20. Nd6+ 1-0

[Event "ROM-chT"]
[Site "Eforie Nord"]
[Date "2000.12.22"]
[Round "5"]
[White "Sheremetieva, Marina"]
[Black "Cosma, Elena Luminita"]
[Result "1-0"]
[WhiteElo "2340"]
[BlackElo "2360"]
[PlyCount "83"]
[EventDate "2000.12.18"]
[EventType "team"]
[EventRounds "5"]
[EventCountry "ROU"]
[SourceTitle "CBM 081"]
[Source "ChessBase"]
[SourceDate "2001.03.20"]
[SourceVersion "1"]
[SourceVersionDate "2001.03.20"]
[SourceQuality "1"]
[WhiteTeam "Victoria Techirghiol"]
[BlackTeam "Bucharest RGA"]
[WhiteTeamCountry "ROU"]
[BlackTeamCountry "ROU"]

1. e4 e6 2. d3 d5 3. Nd2 Nf6 4. Ngf3 b6 5. c3 Bb7 6. Qc2 Be7 7. e5 Nfd7 8. d4 c5 9. Be2 Qc7 10. Qa4 0-0 11. 0-0 cxd4 12. cxd4 Rc8 13. Ne1 a5 14. f4 Ba6 15. Bxa6 Nxa6 16. Ndf3 Qc4 17. Qd1 a4 18. a3 b5 19. Be3 b4 20. Nd2 Qc6 21. f5 exf5 22. Rxf5 bxa3 23. bxa3 Qe6 24. Rf3 Rc3 25. Bg5 Rxf3 26. Ndxf3 Bxg5 27. Nxg5 Qf5 28. Ngf3 Nb6 29. Rc1 Qd7 30. Qd3 h6 31. Nh4 Nc4 32. Nf5 Nc7 33. Nc2 Ne6 34. Rf1 Qa7 35. Kh1 Qa5 36. Nb4 Qd8 37. Nxd5 Nb6 38. Nxb6 Qxb6 39. Qf3 Qa6 40. Nxh6+ gxh6 41. Qxf7+ Kh8 42. Rf6 1-0

[Event "ROM-chT"]
[Site "Eforie Nord"]
[Date "2000.12.21"]
[Round "4"]
[White "Foisor, Cristina Adela B"]
[Black "Sheremetieva, Marina"]
[Result "0-1"]
[WhiteElo "2386"]
[BlackElo "2340"]
[PlyCount "58"]
[EventDate "2000.12.18"]
[EventType "team"]
[EventRounds "5"]
[EventCountry "ROU"]
[SourceTitle "CBM 081"]
[Source "ChessBase"]
[SourceDate "2001.03.20"]
[SourceVersion "1"]
[SourceVersionDate "2001.03.20"]
[SourceQuality "1"]
[WhiteTeam "Timisoara Luxten"]
[BlackTeam "Victoria Techirghiol"]
[WhiteTeamCountry "ROU"]
[BlackTeamCountry "ROU"]

1. d4 d5 2. Nf3 Nf6 3. g3 Bf5 4. Bg2 e6 5. 0-0 c5 6. c4 Nc6 7. cxd5 exd5 8. Nc3 Be7 9. dxc5 Bxc5 10. Bg5 d4 11. Bxf6 Qxf6 12. Nd5 Qd6 13. Nd2 0-0 14. Rc1 Rac8 15. a3 a5 16. Qa4 Ba7 17. Nc4 Qd8 18. Nf4 Bb8 19. Nd5 Be6 20. Ndb6 Rc7 21. Rfd1 Qg5 22. h4 Qh5 23. Bf3 Bg4 24. Qb3 Bxf3 25. exf3 Rd8 26. Kg2 Re7 27. Rd3 Qg6 28. Rcd1 Re2 29. R3d2 Qxg3+ 0-1

[Event "Olympiad Women-34"]
[Site "Istanbul"]
[Date "2000.11.07"]
[Round "10.2"]
[White "Sheremetieva, Marina"]
[Black "Paehtz, Elisabeth"]
[Result "0-1"]
[WhiteElo "2340"]
[BlackElo "2343"]
[PlyCount "92"]
[EventDate "2000.10.28"]
[EventType "team-swiss"]
[EventRounds "14"]
[EventCountry "TUR"]
[SourceTitle "EXT 2001"]
[Source "ChessBase"]
[SourceDate "2000.11.22"]
[SourceVersion "1"]
[SourceVersionDate "2000.11.22"]
[SourceQuality "1"]
[WhiteTeam "Moldova (W)"]
[BlackTeam "Germany (W)"]
[WhiteTeamCountry "MDA"]
[BlackTeamCountry "GER"]

1. e4 c5 2. Nf3 d6 3. Bb5+ Nd7 4. 0-0 Ngf6 5. Re1 a6 6. Bf1 b6 7. c4 Bb7 8. Nc3 e6 9. d4 cxd4 10. Nxd4 Be7 11. f3 0-0 12. Be3 Rc8 13. Rc1 Qc7 14. Qd2 Qb8 15. Kh1 Rfe8 16. Bf2 Bd8 17. b4 Bc7 18. Bg1 Kh8 19. Rb1 Qa8 20. Na4 Rg8 21. Rec1 g5 22. c5 dxc5 23. bxc5 bxc5 24. Qb2 Rb8 25. Nb3 Be5 26. Qc2 g4 27. Naxc5 gxf3 28. gxf3 Rbc8 29. Bd3 Nxc5 30. Bxc5 Rgd8 31. Na5 Rxd3 32. Qxd3 Bxe4 33. fxe4 Nxe4 34. Qf3 Qd5 35. Be3 Rg8 36. Rf1 Qxa2 37. Bf2 Nd2 38. Qc6 Nxf1 39. Qc5 Ng3+ 40. hxg3 Qxb1+ 41. Kh2 Qf5 42. Nb3 Qg5 43. Kg2 h5 44. Nd2 Bxg3 45. Qxg5 Rxg5 46. Nf3 Bf4+ 0-1

[Event "Olympiad Women-34"]
[Site "Istanbul"]
[Date "2000.10.30"]
[Round "3.2"]
[White "Sheremetieva, Marina"]
[Black "Sultana, Zakia"]
[Result "1-0"]
[WhiteElo "2340"]
[BlackElo "2044"]
[PlyCount "141"]
[EventDate "2000.10.28"]
[EventType "team-swiss"]
[EventRounds "14"]
[EventCountry "TUR"]
[SourceTitle "EXT 2001"]
[Source "ChessBase"]
[SourceDate "2000.11.22"]
[SourceVersion "1"]
[SourceVersionDate "2000.11.22"]
[SourceQuality "1"]
[WhiteTeam "Moldova (W)"]
[BlackTeam "Bangladesh (W)"]
[WhiteTeamCountry "MDA"]
[BlackTeamCountry "BAN"]

1. e4 e6 2. d3 d5 3. Nd2 Nf6 4. Ngf3 c5 5. g3 Nc6 6. Bg2 Be7 7. 0-0 0-0 8. Re1 Qc7 9. c3 b6 10. e5 Nd7 11. Qe2 Ba6 12. h4 Rae8 13. Nf1 f6 14. exf6 Bxf6 15. Bg5 h6 16. Bxf6 Nxf6 17. Qc2 e5 18. Ne3 Qd7 19. Rad1 Bc8 20. a3 Qf7 21. b4 Ng4 22. b5 Nd8 23. Rd2 Nxe3 24. Rxe3 e4 25. dxe4 dxe4 26. Nh2 Qc4 27. Bxe4 Qxb5 28. a4 Qa6 29. Rde2 Bd7 30. Bd5+ Kh8 31. Re7 Rxe7 32. Rxe7 Bf5 33. Qe2 Qxe2 34. Rxe2 Bd7 35. Re7 Bc6 36. c4 a6 37. Ng4 Bxa4 38. Ne5 Be8 39. Ra7 Rf6 40. Ra8 Rd6 41. Bf7 Ba4 42. Ng6+ Kh7 43. Nf8+ Kh8 44. Ne6 Rd1+ 45. Kh2 Rh1+ 46. Kxh1 Bc6+ 47. Kg1 Bxa8 48. Nxd8 a5 49. Be8 Be4 50. Ba4 Kg8 51. Nc6 Kf7 52. f4 Ke6 53. Kf2 Kd6 54. Ne5 h5 55. Ke3 Bf5 56. Be8 Bc2 57. Kd2 Bb3 58. Bxh5 Ba4 59. Be2 Be8 60. h5 Ke6 61. g4 Kf6 62. g5+ Ke7 63. Kc3 Ke6 64. Bg4+ Ke7 65. f5 a4 66. Ng6+ Kf7 67. Bf3 Kg8 68. Bd5+ Kh7 69. Nf4 b5 70. cxb5 Bxb5 71. f6 1-0

[Event "ROM-chT"]
[Site "Sovata"]
[Date "2000.04.14"]
[Round "2"]
[White "Sheremetieva, Marina"]
[Black "Vajda, Szidonia"]
[Result "1-0"]
[WhiteElo "2345"]
[BlackElo "2382"]
[PlyCount "71"]
[EventDate "2000.04.13"]
[EventType "team"]
[EventRounds "5"]
[EventCountry "ROU"]
[SourceTitle "EXT 2001"]
[Source "ChessBase"]
[SourceDate "2000.11.22"]
[SourceVersion "1"]
[SourceVersionDate "2000.11.22"]
[SourceQuality "1"]

1. e4 c5 2. Nf3 d6 3. Bb5+ Nd7 4. 0-0 Ngf6 5. Re1 a6 6. Bf1 b6 7. d4 cxd4 8. Nxd4 Bb7 9. f3 e6 10. c4 Be7 11. Nc3 0-0 12. Be3 Qc7 13. Rc1 Rac8 14. Qd2 Qb8 15. Kh1 Rfe8 16. a3 Bf8 17. b4 a5 18. Ncb5 Qa8 19. Bf2 Ne5 20. bxa5 bxa5 21. Nb3 a4 22. Na5 Ba6 23. Bb6 Bxb5 24. cxb5 d5 25. Bd4 Nfd7 26. Rxc8 Qxc8 27. Rc1 Qa8 28. b6 Bxa3 29. b7 Qb8 30. Rc2 Qd6 31. Rc8 Rf8 32. f4 Qb4 33. Rxf8+ Kxf8 34. Qxb4+ Bxb4 35. Bxe5 Bxa5 36. Bb5 1-0

[Event "ROM-chT"]
[Site "Predeal"]
[Date "1997.??.??"]
[Round "5"]
[White "Sheremetieva, Marina"]
[Black "Vasiesiu, Cristina"]
[Result "1/2-1/2"]
[WhiteElo "2260"]
[BlackElo "2145"]
[PlyCount "111"]
[EventDate "1997.??.??"]
[EventType "team-swiss"]
[EventRounds "5"]
[EventCountry "ROU"]
[SourceTitle "EXT 2002"]
[Source "ChessBase"]
[SourceDate "2001.11.25"]
[SourceVersion "1"]
[SourceVersionDate "2001.11.25"]
[SourceQuality "1"]

1. e4 c5 2. Nf3 Nf6 3. e5 Nd5 4. Nc3 e6 5. d4 Nc6 6. Nxd5 exd5 7. dxc5 Bxc5 8. Be2 d6 9. exd6 Qxd6 10. 0-0 0-0 11. a3 a5 12. Bg5 h6 13. Bh4 f5 14. c3 g5 15. b4 axb4 16. cxb4 Bb6 17. Bxg5 hxg5 18. Nxg5 Bd4 19. Rc1 Bf6 20. f4 Rxa3 21. b5 Nd4 22. Bd3 Kg7 23. Bb1 Qe7 24. Re1 Re3 25. Rxe3 Qxe3+ 26. Kh1 Qxf4 27. Nh3 Qe5 28. b6 Re8 29. Qf1 Qe2 30. Nf4 Qxf1+ 31. Rxf1 Be6 32. Ba2 Rd8 33. Nxe6+ Nxe6 34. Rxf5 Rc8 35. h3 Rc6 36. Rxd5 Kg6 37. Rb5 Bd8 38. Bb1+ Kg7 39. Be4 Rc1+ 40. Kh2 Nc5 41. Bf3 Bf6 42. Kg3 Bd4 43. h4 Rc2 44. h5 Rb2 45. Rxb2 Bxb2 46. Kg4 Kf6 47. Bd5 Bc3 48. Kf4 Bd2+ 49. Kf3 Ba5 50. Ke3 Bxb6 51. Kd4 Ne6+ 52. Kc4 Nd8 53. Be4 Be3 54. Kb5 Kg5 55. g4 b6 56. Bd5 1/2-1/2